|
|
|
|
| LEADER |
01148nam a2200289 4500 |
| 001 |
c000038783 |
| 003 |
CARM |
| 005 |
00000000000000.0 |
| 008 |
700422s1970 nyu b 00010 eng |
| 019 |
1 |
|
|a 9489118
|z 532439
|z 56452822
|5 LACONCORD2021
|
| 035 |
|
|
|a (OCoLC)66534
|5 LACONCORD2021
|
| 041 |
1 |
|
|a engspa
|
| 050 |
0 |
0 |
|a LB675.B56
|b P73
|
| 100 |
2 |
|
|a Prieto F., Luis B.
|q (Luis Beltran Prieto Figueroa),
|d 1902-
|
| 240 |
1 |
0 |
|a Magisterio americano de Bolivar.
|l English
|
| 245 |
1 |
0 |
|a Simon Bolivar: educator,
|c by Luis B. Prieto. Translated by James D. Parsons.
|
| 250 |
|
|
|a [1st ed.]
|
| 260 |
|
|
|a Garden City, N.Y.,
|b Doubleday,
|c 1970.
|
| 300 |
|
|
|a vii, 159 p.
|c 22 cm.
|
| 500 |
|
|
|a Translation of El magisterio americano de Bolivar.
|
| 504 |
|
|
|a Includes bibliographical references.
|
| 600 |
1 |
0 |
|a Bolivar, Simon,
|d 1783-1830
|x Views on education.
|
| 650 |
|
0 |
|a Education
|x Philosophy.
|
| 852 |
8 |
|
|b CARM
|h A2:AD10A0
|i B00506
|p 0024200
|f BK
|
| 082 |
0 |
4 |
|a 370.11
|
| 999 |
f |
f |
|i a1c8f464-16ad-59e2-8a2e-7fb78b087fb0
|s a7bbf457-ac16-5203-bb36-d482757a399c
|
| 952 |
f |
f |
|p Can circulate
|a CAVAL
|b CAVAL
|c CAVAL
|d CARM 1 Store
|e B00506
|f A2:AD10A0
|h Other scheme
|i book
|m 0024200
|